000 00687nam a22002057a 4500
999 _c167332
_d167332
005 20190828140951.0
010 _aENG-126354
020 _c1395.00
_a978-0-19-949598-6
035 _aEN-109886
037 _bDBAD/PUB
082 _a128.2
100 _aUberoi, J.P.S.
245 _aMind and Society:
_cby J.P.S. Uberoi; edited by Khalid Tyabji
_bFrom Indian Studies to General Sociology/
260 _aNew Delhi
_bOxford University Press
_c2019
270 _bNew Delhi
_e110002
_a2/11 Ground Floor, Ansari Road, Daryaganj
300 _axiii326p.
_c22cm(hb)
500 _aIncludes index and bibliography.
700 _aKhalid Tyabji
942 _2ddc
_cEN
_h128.2
_mUBE